Calle Mora : propuesta de renovación urbana a partir de un análisis integral y participativo de la comunidad Calle Mora de Sabanilla, involucrando a la Municipalidad de Montes de Oca

Enregistré dans:
Détails bibliographiques
Auteur principal: Pérez Ponce, Jéssica, 1995-
Autres auteurs: Jiménez Romero, Diana María, 1972- Directora del TFG
Format: Livre
Langue:Spanish
Publié: [San José, Costa Rica] 2020.
Sujets:
Tags: Ajouter un tag
Pas de tags, Soyez le premier à ajouter un tag!

MARC

LEADER 00000nam a2200000Ia 4500
003 013481
005 20230714100343.0
008 140116s2020 cr a 000 ||spa d
040 |c cu CEDI 
100 |a Pérez Ponce, Jéssica, 1995-  |9 279 
245 |a Calle Mora : propuesta de renovación urbana a partir de un análisis integral y participativo de la comunidad Calle Mora de Sabanilla, involucrando a la Municipalidad de Montes de Oca 
260 |a  [San José, Costa Rica]  |c 2020. 
500 |a Proyecto de graduación (licenciatura en arquitectura)--Universidad de Costa Rica. Facultad de Ingeniería. Escuela de Arquitectura 
501 |a Director de Proyecto de Graduación: Lic. Johnny Pérez González 
650 |x VIVIENDAS - PARTICIPACION CIUDADANA - CALLE MORA (SABANILLA, MONTES DE OCA, SAN JOSE, COSTA RICA) - DISEÑOS Y PLANOS  |x URBANISMO - CALLE MORA (SABANILLA, MONTES DE OCA, SAN JOSE, COSTA RICA)   |x VIVIENDAS - CALLE MORA (SABANILLA, MONTES DE OCA, SAN JOSE, COSTA RICA) - DISEÑOS Y PLANOS 
700 |a Jiménez Romero, Diana María, 1972-  |d Directora del TFG   |9 238 
942 |c CEDI  |h TFG 8632  |2 ddc  |6 TFG_8632_000000000000000 
999 |c 21983  |d 21983